El niño sordo de edad preescolar: identificación, diagnóstico y tratamiento guía para padres, médicos y maestros
Gespeichert in:
| Hauptverfasser: | , |
|---|---|
| Format: | Buch |
| Sprache: | Spanisch |
| Veröffentlicht: |
Ciudad de México
Trillas
1995
|
| Ausgabe: | 2a. ed |
| Schlagworte: | |
| Tags: |
Tag hinzufügen
Keine Tags, Fügen Sie den ersten Tag hinzu!
|
MARC
| LEADER | 00000nam a2200000 a 4500 | ||
|---|---|---|---|
| 001 | UCO0483 | ||
| 003 | CL-VaPUC | ||
| 008 | 000420e19950000MX |||||||||||||||||spa|d | ||
| 082 | 0 | 4 | |a 371.912 |b FLO |2 21 |
| 100 | 0 | |a Flores Beltrán, Lilian |e author |9 441794 | |
| 700 | 0 | |a Berruecos Villalobos, Pedro |e author |9 441795 | |
| 245 | 1 | 3 | |a El niño sordo de edad preescolar: identificación, diagnóstico y tratamiento guía para padres, médicos y maestros |
| 250 | |a 2a. ed | ||
| 300 | |a 192 p | ||
| 942 | |c BK | ||
| 945 | |d 20000420 00:00:00 |a rbrito | ||
| 260 | |a Ciudad de México |b Trillas |c 1995 | ||
| 650 | 7 | |a SORDERA |2 CL-VaPUC |9 311920 | |
| 650 | 0 | |a Educación especial |9 307486 | |
| 650 | 0 | |a Educación preescolar |9 260381 | |
| 650 | 7 | |a NIÑOS SORDOS |2 CL-VaPUC |9 311994 | |
| 583 | |a last modification |c 20170911 01:09:21 |k Rodrigo Vera | ||
| 999 | |c 287181 |d 287179 | ||
| 952 | |0 0 |1 0 |4 0 |6 371_912000000000000_FLO_1995 |7 0 |8 A |9 333643 |a BIBEDU |b BIBEDU |c ES_NOD |d 2019-11-20 |i 3608387 |o 371.912 FLO 1995 |p 3608387 |r 2023-08-09 |w 2019-11-20 |y BK |k EPE | ||
| 952 | |0 0 |1 0 |4 0 |6 371_912000000000000_FLO_1995 |7 0 |8 A |9 333644 |a BIBEDU |b BIBEDU |c ES_NOD |d 2019-11-20 |i 3717992 |l 1 |o 371.912 FLO 1995 |p 3717992 |r 2023-08-09 |s 2023-05-03 |w 2019-11-20 |y BK |k EPE | ||